El juglar de las torres moradas (Homenaje lírico a Federico García Lorca)
Spremljeno u:
| Glavni autor: | |
|---|---|
| Format: | Knjiga |
| Jezik: | Undetermined |
| Izdano: |
Caracas, Venezuela
B.D.A.
1980
|
| Teme: | |
| Oznake: |
Dodaj oznaku
Bez oznaka, Budi prvi tko označuje ovaj zapis!
|
MARC
| LEADER | 00000nam a2200000Ia 4500 | ||
|---|---|---|---|
| 008 | 170316s9999 xx 000 0 und d | ||
| 040 | |a cru BVZT | ||
| 090 | |a 862 L-4j | ||
| 100 | |a Lameda, Alí | ||
| 245 | |a El juglar de las torres moradas (Homenaje lírico a Federico García Lorca) | ||
| 260 | |a Caracas, Venezuela | ||
| 260 | |b B.D.A. | ||
| 260 | |c 1980 | ||
| 300 | |a 109 páginas | ||
| 650 | |a LITERATURA ESPAÑOLA | ||
| 650 | |a POESÍA | ||
| 650 | |a HOMENAJE A FEDERICO GARCÍA LORCA | ||
| 999 | |c 10087 |d 10087 | ||
| 942 | |c 15 D |h 862 L-4j |2 z | ||
